[Event "Dvorkovich Memorial op 5th"]
[White "Petrova, Olga"]
[Black "Chernov, Alexander Nik"]
[Site "Taganrog"]
[Round "9"]
[Result "1-0"]
[Date "2010.08.10"]
[WhiteElo "2231"]
[BlackElo "2098"]
[PlyCount "101"]
[EventDate "2010.08.02"]
[EventType "swiss"]
[EventRounds "9"]
[EventCountry "RUS"]
[SourceTitle "EXT 2013"]
[Source "ChessBase"]
[SourceDate "2012.11.22"]
[SourceVersion "1"]
[SourceVersionDate "2012.11.22"]
[SourceQuality "1"]

1. e4 c5 2. Nf3 d6 3. d4 cxd4 4. Nxd4 Nf6 5. Nc3 a6 6. Be2 e5 7. Nb3 Be6 8. Be3 Nbd7 9. Qd3 Nc5 10. Nxc5 dxc5 11. Qxd8+ Rxd8 12. a4 Be7 13. a5 0-0 14. f3 Nd7 15. Nd5 Bxd5 16. exd5 f5 17. Bc4 Bd6 18. 0-0 h6 19. Ra3 Kf7 20. Rb3 Rb8 21. f4 e4 22. Be2 g6 23. c4 Rfe8 24. g4 Nf6 25. h3 Rg8 26. g5 hxg5 27. fxg5 Nd7 28. h4 Rh8 29. Bf4 Ke7 30. h5 Bxf4 31. Rxf4 Kd6 32. h6 b6 33. axb6 Rxb6 34. Rxb6+ Nxb6 35. Rf1 a5 36. Ra1 Ra8 37. Ra3 Ke5 38. Rb3 Na4 39. Rb7 Kf4 40. Bd1 Nc3 41. bxc3 a4 42. h7 a3 43. Bb3 e3 44. d6 Kf3 45. Re7 e2 46. d7 Rd8 47. Re8 f4 48. h8Q e1Q+ 49. Rxe1 Rxh8 50. Re8 a2 51. Bxa2 1-0

[Event "Dvorkovich Memorial op 4th"]
[White "Chernov, Alexander Nik"]
[Black "Radchenko, Sergei1"]
[Site "Taganrog"]
[Round "6"]
[Result "1-0"]
[Date "2009.08.07"]
[WhiteElo "2101"]
[BlackElo "2247"]
[PlyCount "27"]
[EventDate "2009.08.02"]
[EventType "swiss"]
[EventRounds "9"]
[EventCountry "RUS"]
[SourceTitle "EXT 2022"]
[Source "ChessBase"]
[SourceDate "2021.10.06"]
[SourceVersion "1"]
[SourceVersionDate "2021.10.06"]
[SourceQuality "1"]

1. c4 g6 2. Nc3 Bg7 3. d4 d6 4. e4 Nd7 5. Nf3 e5 6. Be3 Ne7 7. Be2 0-0 8. dxe5 Nxe5 9. Nxe5 Bxe5 10. Bd4 f6 11. 0-0 Nc6 12. Be3 Bxc3 13. bxc3 b6 14. Qd5+ 1-0

[Event "Dvorkovich Memorial op 4th"]
[White "Chernov, Alexander Nik"]
[Black "Smougalev, Gennady"]
[Site "Taganrog"]
[Round "4"]
[Result "0-1"]
[Date "2009.08.05"]
[WhiteElo "2101"]
[BlackElo "2224"]
[PlyCount "92"]
[EventDate "2009.08.02"]
[EventType "swiss"]
[EventRounds "9"]
[EventCountry "RUS"]
[SourceTitle "EXT 2022"]
[Source "ChessBase"]
[SourceDate "2021.10.06"]
[SourceVersion "1"]
[SourceVersionDate "2021.10.06"]
[SourceQuality "1"]

1. d4 d5 2. c4 e6 3. Nc3 c6 4. e3 Nf6 5. Nf3 Nbd7 6. Be2 Bd6 7. Qc2 0-0 8. e4 dxe4 9. Nxe4 Nxe4 10. Qxe4 e5 11. dxe5 Nxe5 12. 0-0 Qf6 13. Rd1 Re8 14. Bg5 Qe6 15. Nd4 Qg6 16. Qh4 h6 17. Be3 Bg4 18. Kh1 Be7 19. Qg3 Bxe2 20. Qxg6 fxg6 21. Nxe2 Nxc4 22. Bd4 c5 23. Bc3 Rad8 24. g3 g5 25. Kg2 b6 26. Kf1 Kf7 27. b3 Na3 28. Bb2 Nc2 29. Rac1 Nb4 30. Ra1 Bf6 31. Bxf6 gxf6 32. Nc3 Nc2 33. Rac1 Nd4 34. Rd3 Nc6 35. Rcd1 Rxd3 36. Rxd3 Rd8 37. Rxd8 Nxd8 38. Ke2 Nc6 39. Ke3 f5 40. f3 Ke6 41. h3 Nb4 42. Ke2 Ke5 43. Kd2 h5 44. Ke2 Nd5 45. Nd1 Kd4 46. Kd2 b5 0-1